Food in Russian - Statistics

General Stats
  • This quiz has been taken 1,414 times
  • The average score is 38 of 59
Answer Stats
Hint Answer % Correct
вода water
92%
банан banana
91%
яблоко apple
90%
хлеб bread
87%
кофе coffee
87%
водка vodka
87%
молоко milk
86%
кока кола coke
85%
фрукты fruit
85%
лимон lemon
85%
чай tea
85%
вино wine
85%
рис rice
83%
пиво beer
82%
торт cake
81%
салат lettuce
81%
ананас pineapple
80%
рыба fish
79%
сыр cheese
75%
киви kiwi fruit
75%
мяса meat
73%
горах pea
73%
сахар sugar
73%
брокколи broccoli
72%
сок juice
72%
помидор tomato
71%
курица chicken
70%
виногрaд grape
70%
квртофель potato
70%
соль salt
70%
абрикoс apricot
65%
мороженое ice cream
65%
лук onion
65%
шанпанскае champagne
61%
грyша pear
60%
марковь carrot
59%
колбаса cold cuts
59%
клупника strawberry
57%
коньяк cognac
55%
перец pepper
55%
овощи vegetables
54%
виски whisky
52%
капуста cabbage
50%
персик peach
50%
арбус watermelon
50%
дыня melon
47%
говядина beef
46%
малина raspberry
46%
тунец tuna
44%
икра caviar
42%
мандарин mandarine
41%
фасоль bean
39%
ягада berry
37%
груб mushroom
37%
слива plum
37%
тыква pumpkin
36%
баклажан eggplant
30%
семга salmon
19%
кекс cupcake
14%
No matching quizzes found
Score Distribution
Percent of People with Each Score
Percentile by Number Answered
Your Score History
You have not taken this quiz